| 000 | 01160nam a2200241Ia 4500 | ||
|---|---|---|---|
| 003 | Ost | ||
| 005 | 20260507075050.0 | ||
| 008 | 260507s9999||||xx |||||||||||||| ||und|| | ||
| 020 | _a9957320491 | ||
| 040 | _cfsecg | ||
| 041 | _aara | ||
| 082 | _a330 | ||
| 100 |
_aعبد الكريم، عبد العزيز مصطفى _eمؤلف |
||
| 245 | 0 |
_aدراسة الجدوى وتقييم المشروعات / _c عبد العزيز مصطفى عبد الكريم |
|
| 260 |
_aعمان: _bدار الحامد للنشر والتوزيع, _c2002 |
||
| 300 |
_a263 صفحة؛ _bإيضاحات ؛ _c25 سم |
||
| 504 | _aالملاحق ص.259 ببليوغرافيا: ص.297-304 | ||
| 520 | _aأساسيات المشروع الاقتصادي-العوائد والتكاليف للمشروع الاقتصادي-مراحل تقييم وتنفيذ المشروعات الاقتصادية-معايير تقييم المشروعات الاقتصادية-المخاطرة وعدم التأكد وتقييم المشروعات | ||
| 653 | _aالتخطيط الإقتصادي | ||
| 653 | _aالمشروعات | ||
| 653 | _aدراسة الجدوى | ||
| 942 | _cكتاب | ||
| 999 |
_c42629 _d42629 |
||